| 000 -LEADER |
| fixed length control field |
01722cam a22004217i 4500 |
| 001 - CONTROL NUMBER |
| control field |
19546309 |
| 005 - DATE AND TIME OF LATEST TRANSACTION |
| control field |
20230113152746.0 |
| 008 - FIXED-LENGTH DATA ELEMENTS--GENERAL INFORMATION |
| fixed length control field |
170309t2016 nju e b 001 0 eng d |
| 010 ## - LIBRARY OF CONGRESS CONTROL NUMBER |
| LC control number |
2017303397 |
| 020 ## - INTERNATIONAL STANDARD BOOK NUMBER |
| International Standard Book Number |
9781119013976 |
| Qualifying information |
(paperback : acid-free paper |
| 020 ## - INTERNATIONAL STANDARD BOOK NUMBER |
| Canceled/invalid ISBN |
9781118985045 (pdf) |
| 020 ## - INTERNATIONAL STANDARD BOOK NUMBER |
| Canceled/invalid ISBN |
9781118985069 (epub) |
| 035 ## - SYSTEM CONTROL NUMBER |
| System control number |
(OCoLC)ocn949657822 |
| 040 ## - CATALOGING SOURCE |
| Original cataloging agency |
SITPL |
| Language of cataloging |
eng |
| Description conventions |
rda |
| Transcribing agency |
SITPL |
| Modifying agency |
WIS |
| -- |
NYP |
| -- |
OCLCF |
| -- |
YDXCP |
| -- |
IBI |
| -- |
UBY |
| -- |
DLC |
| 042 ## - AUTHENTICATION CODE |
| Authentication code |
lccopycat |
| 050 00 - LIBRARY OF CONGRESS CALL NUMBER |
| Classification number |
NA2850 |
| Item number |
.M56 2016 |
| 082 04 - DEWEY DECIMAL CLASSIFICATION NUMBER |
| Classification number |
728/.37 |
| Edition number |
23 |
| 100 1# - MAIN ENTRY--PERSONAL NAME |
| Personal name |
Mitton, Maureen, |
| Relator term |
author. |
| 245 10 - TITLE STATEMENT |
| Title |
Residential interior design : |
| Remainder of title |
a guide to planning spaces / |
| Statement of responsibility, etc. |
Maureen Mitton, CID, NCIDQ, Courtney Nystuen, AIA EMERITUS ; with CAD illustrations by Melissa Brewer, Shelley Pecha, and Jamey Bowe. |
| 250 ## - EDITION STATEMENT |
| Edition statement |
Third edition. |
| 264 #1 - PRODUCTION, PUBLICATION, DISTRIBUTION, MANUFACTURE, AND COPYRIGHT NOTICE |
| Place of production, publication, distribution, manufacture |
Hoboken, New Jersey : |
| Name of producer, publisher, distributor, manufacturer |
John Wiley & Sons, inc., |
| Date of production, publication, distribution, manufacture, or copyright notice |
[2016] |
| 300 ## - PHYSICAL DESCRIPTION |
| Extent |
274 pages ; |
| Dimensions |
28 cm |
| 336 ## - CONTENT TYPE |
| Content type term |
text |
| Source |
rdacontent |
| 337 ## - MEDIA TYPE |
| Media type term |
unmediated |
| Source |
rdamedia |
| 338 ## - CARRIER TYPE |
| Carrier type term |
volume |
| Source |
rdacarrier |
| 504 ## - BIBLIOGRAPHY, ETC. NOTE |
| Bibliography, etc. note |
Includes bibliographical references and index. |
| 650 #0 - SUBJECT ADDED ENTRY--TOPICAL TERM |
| Topical term or geographic name entry element |
Interior architecture. |
| 650 #0 - SUBJECT ADDED ENTRY--TOPICAL TERM |
| Topical term or geographic name entry element |
Dwellings |
| General subdivision |
Planning. |
| 650 #0 - SUBJECT ADDED ENTRY--TOPICAL TERM |
| Topical term or geographic name entry element |
Dwellings |
| Form subdivision |
Specifications. |
| 650 #7 - SUBJECT ADDED ENTRY--TOPICAL TERM |
| Topical term or geographic name entry element |
Dwellings. |
| Source of heading or term |
fast |
| Authority record control number or standard number |
(OCoLC)fst00899978 |
| 650 #7 - SUBJECT ADDED ENTRY--TOPICAL TERM |
| Topical term or geographic name entry element |
Dwellings |
| General subdivision |
Planning. |
| Source of heading or term |
fast |
| Authority record control number or standard number |
(OCoLC)fst00900144 |
| 650 #7 - SUBJECT ADDED ENTRY--TOPICAL TERM |
| Topical term or geographic name entry element |
Interior architecture. |
| Source of heading or term |
fast |
| Authority record control number or standard number |
(OCoLC)fst00976313 |
| 655 #7 - INDEX TERM--GENRE/FORM |
| Genre/form data or focus term |
Specifications. |
| Source of term |
fast |
| Authority record control number or standard number |
(OCoLC)fst01423860 |
| 700 1# - ADDED ENTRY--PERSONAL NAME |
| Personal name |
Nystuen, Courtney, |
| Relator term |
author. |
| 906 ## - LOCAL DATA ELEMENT F, LDF (RLIN) |
| a |
7 |
| b |
cbc |
| c |
copycat |
| d |
2 |
| e |
ncip |
| f |
20 |
| g |
y-gencatlg |
| 925 0# - |
| -- |
acquire |
| -- |
2 shelf copy |
| -- |
policy default |